000 01347cam a22003011i 4500
003 SA-RiAUC
005 20250910120631.0
008 250907s2000 su f b 000r0 ara c
020 _a9960780880
040 _aSA-RiAUC
_bara
_cSA-RiAUC
_erda
043 _aa-su---
082 0 4 _a364.3653111
_qSA-RiAUC
090 _a364.3653111
_bم ا ض
100 1 _aالماضي، حمد بن محمد بن حمد.
_eمؤلف.
245 1 2 _aالقضاء في جرائم الأحداث :
_bدراسة تطبيقية لبعض الأحداث بدار الملاحظة بمدينة الرياض /
_cحمد بن محمد بن حمد الماضي.
264 1 _aالرياض :
_bمؤسسة اليمامة الصحفية،
_c[2000]
300 _a404 صفحة ؛
_c24 سم.
336 _aنص
_btxt
_2rdacontent
_3كتاب
337 _aبدون وسيط
_bn
_2rdamedia
338 _aمجلد
_bnc
_2rdacarrier
490 0 _aسلسلة كتاب الرياض ؛
_v85
504 _aببليوجرافية : صفحة 375-391.
610 2 7 _aدار الملاحظة الاجتماعية (الرياض)
_vدراسات حالة
_2aucnm
650 7 _aجناح الأحداث
_zالسعودية
_zالرياض
_2aucsh
650 7 _aمحاكم الأحداث
_zالسعودية
_zالرياض
_2aucsh
942 _2ddc
_cBOOK
_n0
949 _aSA-JeALM
_d250907
_umohamedma123
_n1
999 _c11571
_d11571